logo

Bir Sreshtho Munshi Abdur Rouf Library
Jhenaidah Cadet College

The Modern English readers / (Record no. 8797)

MARC details
000 -LEADER
fixed length control field 00618nam a22002293a 4500
001 - CONTROL NUMBER
JCCL Control Number 8797
003 - CONTROL NUMBER IDENTIFIER
JCCL marc code BD-JhCC
005 - DATE AND TIME OF LATEST TRANSACTION
control field 20180304100535.0
008 - FIXED-LENGTH DATA ELEMENTS--GENERAL INFORMATION
fixed length control field 500101s1959 xx 000 0 eng d
035 ## - SYSTEM CONTROL NUMBER
system control number (BD-JhCC)8797
040 ## - CATALOGING SOURCE
Original cataloging agency EQO
Transcribing agency EQO
Modifying agency BD-JhCC
041 ## - LANGUAGE CODE
Language code of Book eng
082 ## - DEWEY DECIMAL CLASSIFICATION NUMBER
Classification number 808.0427
Author mark and Year BRO 1959
100 ## - MAIN ENTRY--PERSONAL NAME
Personal name Brown, Thomas M.
245 04 - TITLE STATEMENT
Title The Modern English readers /
Statement of responsibility, etc (Gen. ed.: H.J.L. Robbie)
Number of part/section of a work Thomas M. Brown,
260 ## - PUBLICATION, DISTRIBUTION, ETC. (IMPRINT)
Place of publication, distribution, etc Lond. &c,
Date of publication, distribution, etc 1959
300 ## - PHYSICAL DESCRIPTION
Pagination 156 p. :
Dimensions 19 cm.
650 ## - SUBJECT ADDED ENTRY--TOPICAL TERM
Topical term or geographic name as entry element English Language
700 1# - ADDED ENTRY--PERSONAL NAME
Personal name Robbie, H. J. L.
Fuller form of name (Herbert James Liddle)
942 ## - ADDED ENTRY ELEMENTS (KOHA)
Source of classification or shelving scheme Dewey Decimal Classification
Koha item type Books
Holdings
Source of classification or shelving scheme Damaged status Not for loan Home library Current library Shelving location Date of accession Total Checkouts Full call number Barcode Date last seen Copy number Koha item type
Dewey Decimal Classification     JCC Rouf Library JCC Rouf Library General Stacks 03/04/2018   808.0427 BRO 1959 11560 03/04/2018 C - 1 Books

JCC Library | Contacts | JCC Home

Last Update on 23 September 2017
Copyright @ 2017-2020 JCC Rouf Library
Rouf Library, Jhenidah Cadet College (JCC), Bangladesh